00672nam a2200181Ia 4500003000900000008004100009020001800050040001600068080001500084245012300099260004100222300001600263650004100279700002600320942000700346999001700353952012000370IN-BaIIA211028s9999 xx 000 0 eng d a0-19-562580-3 cIIA Library a5:401bNAN 0aScience,hegemony and violenceba requiem for modernitycedited by A. Nandy  aDelhibOxford University Pressc1988 aviii, 301p. aAstronomy and Astrophysics Thesaurus aNandy, A., ed.919239 cBK c11230d11230 00104070aBANbBANcGENd1995-03-01g115.00l0o5:401/ NANp12145r2021-11-05v115.00w1995-03-01yBKGRs. 115.00